Представление документа в формате RUSMARC

ПолеНазваниеЗначение
  Тип записи a
  Библиографический уровень m
001 Контрольный номер 9b959873e1f04105abb00b237c31a693
005 Дата корректировки 20200824150009.0
010 Индекс ISBN __
a ISBN 978-5-04-110010-0
d Цена 178,00
101 Язык документа 0_
a Язык текста rus
102 Страна публикации __
a Страна публикации RU
200 Заглавие и сведения об ответственности 1_
a Заглавие Все положения по бухгалтерскому учету
e Сведения, относящиеся к заглавию по состоянию на 2020 г.
b Общее обозначение материала Текст
210 Выходные данные 1_
a Место издания М.
c Издательство Эксмо
d Дата издания 2020
215 Физическое описание __
a Объем 256 с.
225 Серия 2_
a Серия Законы и кодексы
610 Ключевые слова 0_
a Ключевые слова положения ПБУ
a Ключевые слова бухгалтерский учет
a Ключевые слова официальное издание
a Ключевые слова план счетов
a Ключевые слова законы
686 Индексы других классификаций __
a Классификационный индекс 65.052
801 Источник записи _0
a Страна RU
b Организация РУК
g Правила каталогизации PSBO
801 Источник записи _1
a Страна RU
b Организация РУК
g Правила каталогизации PSBO
852 Данные о местонахождении __
i Авторский знак В 84
j Шифр хранения ББК 65.052
901 Тип документа __
t Тип документа m
937 Технологическая информация __
a Создатель записи (имя) Михно
938 Служебная информация __
a Название организации Поволжский филиал
952 Тип литературы __
c Вид литературы офиц. изд.